00556 2200217 4500001002100000005001500021035002000036007000300056008004100059020002200100082000800122084001400130100001200144245003100156260002900187300002300216650001300239856004800252990001900300990001900319INLIS00000000001027220200907032855 a0010-0920002915ta200907 g 0 ind  a978-979-168-185-8 a920 a920 RUH b0 aRuhimat1 aBIOGRAFI S.M.KARTOSOEWIRJO aJakarta :bNarasi,c2009 ax,142 hal ;c23 cm aBIOGRAFI aDINAS PERPUSTAKAAN DAN KEARSIPAN KOTA MEDAN a41532/PUM/2011 a41531/PUM/2011